[Event "4NCL Division 2b"]
[Site "Hinckley Island ENG"]
[Date "2014.02.16"]
[Round "6.87"]
[White "Slinger, AJ (Tony)"]
[Black "Whatley, Stephen AJ"]
[Result "1-0"]
[WhiteElo "1941"]
[BlackElo "1862"]
[PlyCount "133"]
[EventDate "2014.02.16"]
[WhiteTeam "Bradford DCA Knights A"]
[BlackTeam "Brown Jack"]

1. d4 f5 2. Nc3 d5 3. Bf4 Nf6 4. e3 e6 5. Nf3 Be7 6. h3 O-O 7. Bd3 b6 8. g4 Ne4
9. gxf5 exf5 10. Bxe4 fxe4 11. Ne5 Bg5 12. Nxd5 Bh4 13. c4 Be6 14. Qh5 Bxd5 15.
cxd5 Be7 16. Rg1 Qd6 17. O-O-O Bf6 18. Ng4 Qd7 19. Rg2 g6 20. Rdg1 Bg7 21. Nh6+
Kh8 22. Be5 Bxe5 23. Qxe5+ Qg7 24. Ng4 Nd7 25. Qxe4 Rae8 26. Qd3 Qf7 27. Ne5
Nxe5 28. dxe5 Rxe5 29. Qd4 Qg7 30. Rd1 Ref5 31. Qxg7+ Kxg7 32. f4 Rd8 33. Rg5
Kf6 34. Rxf5+ Kxf5 35. Rd4 Re8 36. Kd2 Re4 37. Kd3 Re7 38. Ke2 Re4 39. Kd3 Re7
40. b4 a6 41. a4 h6 42. d6 cxd6 43. Rxd6 Rb7 44. Kd4 g5 45. Rxh6 Rd7+ 46. Kc4
gxf4 47. exf4 Rb7 48. Kd5 b5 49. a5 Ra7 50. Kc6 Re7 51. Kc5 Kxf4 52. Rxa6 Re5+
53. Kc6 Ke4 54. Rb6 Rh5 55. Rxb5 Rxh3 56. Rc5 Ra3 57. Kb5 Kd4 58. a6 Ra1 59.
Rc7 Kd5 60. Rd7+ Ke6 61. Rd2 Rh1 62. Kb6 Rh8 63. b5 Ke5 64. a7 Rh6+ 65. Kb7
Rh7+ 66. Ka6 Rh1 67. a8=Q 1-0